=LDR 00000nam 2200000 4500 =001 INLIS000000000036735 =005 20240604074353 =035 ##$$a 0010-061300000036735 =008 240604###########################0###### =041 ##$$a Ind =082 ##$$a 028.5 =090 ##$$a 028.5, Nan p =100 ##$$a Nanit, Bunda =245 1#$$a Puji yang ingin selalu di puji /$c Bunda Nanit; Nina Rainayati =260 ##$$a Bandung :$b Pustaka Oasis,$c 2010 =300 ##$$a 24 hlm : $b Ilus ; $c 20 cm =650 #4$$a Bacaan kanak-kanak =850 ##$$a NBPNMAT =084 ##$$a 028.5 NAN p =020 ##$$a 978-979-025-845-7 =250 ##$$a Seri Muslimah Yang Salihah =700 #$$a Mira Rainayati =990 ##$$a 0001/BPAP-NTB/2016 =990 ##$$a 21102185